00428nam a2200133Ia 450000500170000000800410001702000150005808200160007310000160008924501070010526000410021230000280025365000130028120250213004605.0240331s9999 xx 000 0 und d a8170131405 bDESa954.93 aDeSilva,C.R 0aCeylon under the British occupation 1795-1833 :bits political,administrative and economic development aNew DelhibNavarang Publishersc1995 avii, 639 p ., ( V - II) aEconomic